Top 15 Most Uncorrupt Countries - Statistics

General Stats
  • This quiz has been taken 36 times
  • The average score is 13 of 16
Answer Stats
Score Answer % Correct
88 (tie) Finland
97%
85 (tie) Sweden
97%
85 (tie) Norway
94%
74 (tie) Canada
88%
80 Germany
88%
74 (tie) Iceland
88%
82 Netherlands
88%
88 (tie) Denmark
85%
88 (tie) New Zealand
85%
81 Luxembourg
82%
84 Switzerland
82%
74 (tie) Ireland
79%
78 UK
79%
74 (tie) Austria
71%
85 (tie) Singapore
68%
74 (tie) Estonia
50%
No matching quizzes found
Score Distribution
Percent of People with Each Score
Percentile by Number Answered
Your Score History
You have not taken this quiz